Risultati della Lazio in UEFA Europa League 2019-2020 - Statistics

Statistiche generali
  • Questo quiz è stato fatto 17 volte
  • Il punteggio medio è 3 su 6
Statistiche sulle risposte
Hint Risposta % Corretto
Lazio - Celtic 1-2
64%
Lazio - CFR Cluj 1-0
57%
Celtic - Lazio 2-1
57%
Rennes - Lazio 2-0
43%
Lazio - Rennes 2-1
36%
CFR Cluj - Lazio 2-1
29%
Nessun quiz corrispondente trovato
Distribuzione punteggi
Percentuale di utenti per punteggio
Percentile per numero di risposta
I tuoi punteggi nel tempo
Non hai fatto questo quiz